00449 a2200157 4500001000700000020002200007040003500029240003200064245002700096300000700123362000900130697002200139942000700161952010400168999001900272157547 a978-958-30-2784-0 cEscola São Tomás de Aquino10aEl león y la arañalspa10aEl león y la araña a360 a2007 aLiteratura latina cBK 00104070a12.22b12.22d2024-04-30l0o870 ELLpEST00012559r2024-04-30 22:15:01w2024-04-30yBK c157547d157547